Sports Quiz

Random Sports or NHL Quiz

Big 4 Teams in 1957 Quiz Stats

 Plays Quiz Updated Apr 25, 2016

Also try: Big 4 No More
Challenge
Share
Tweet
Embed
Score 0/42 Timer 06:00
0 Plays Today
% Correct
Cincinnati Reds
94.5%
New York Yankees
94%
Boston Red Sox
93.2%
New York Giants
92.9%
New York Giants
92.9%
Boston Celtics
89.4%
Minneapolis Lakers
89.3%
Chicago White Sox
88.2%
Brooklyn Dodgers
87.2%
Green Bay Packers
86.5%
Boston Bruins
86%
New York Rangers
85.9%
Chicago Cubs
85.4%
Chicago Bears
85.3%
Detroit Red Wings
84.4%
St. Louis Cardinals
83.7%
Chicago Cardinals
83.4%
Montreal Canadiens
82.2%
Toronto Maple Leafs
81.5%
Chicago Black Hawks
81.5%
Cleveland Browns
80.5%
% Correct
New York Knicks
80.5%
Milwaukee Braves
79.2%
Detroit Lions
78.9%
Pittsburgh Steelers
77.5%
Baltimore Colts
76.1%
Philadelphia Eagles
75.8%
Philadelphia Phillies
75%
Detroit Tigers
74.8%
Pittsburgh Pirates
73.5%
Cleveland Indians
73.4%
Baltimore Orioles
71.3%
Washington Redskins
70.9%
Los Angeles Rams
68.7%
Washington Senators
67%
Fort Wayne Pistons
62.5%
San Francisco 49ers
61.2%
Rochester Royals
58%
Kansas City Athletics
57.8%
St. Louis Hawks
50.7%
Philadelphia Warriors
50.1%
Syracuse Nationals
36.1%

You're not logged in!

Compare scores with friends on all Sporcle quizzes.
OR
Log In

You Might Also Like...

Show Comments

Extras

Top Quizzes Today


Score Distribution

Your Account Isn't Verified!

In order to create a playlist on Sporcle, you need to verify the email address you used during registration. Go to your Sporcle Settings to finish the process.

Report this User

Report this user for behavior that violates our Community Guidelines.

Details: